000 00508nam a22001937a 4500
003 SISC
005 20160303145806.0
008 130724t xxu||||| |||| 00| 0 eng d
020 _a0020449313
050 _aPS 3535
_b.R259 1967
082 _aCLA R19y
_b1967
100 _aRawlings, Marjorie Kinnan
_93642
245 _aThe yearling /
_cMarjorie Kinnan Rawlings
260 _aNew York :
_bAladdin Paperbacks,
_cc1967.
300 _a428 p.
_c18 cm.
562 _e1
942 _2lcc
_cBK
999 _c7668
_d7668